[Event "Subotica-ch op"]
[White "Szabados, Karoly"]
[Black "Fatyol, Istvan"]
[Site "Subotica"]
[Round "9"]
[Result "1-0"]
[Date "2017.03.13"]
[WhiteElo "2103"]
[BlackElo "1939"]
[PlyCount "75"]
[EventDate "2017.02.22"]
[EventType "swiss"]
[EventRounds "9"]
[EventCountry "SRB"]
[SourceTitle "CBM 177 Extra"]
[Source "ChessBase"]
[SourceDate "2017.04.27"]
[SourceVersion "1"]
[SourceVersionDate "2017.04.27"]
[SourceQuality "1"]

1. e4 c5 2. b4 e6 3. bxc5 Bxc5 4. d4 Bb4+ 5. c3 Ba5 6. Nf3 Ne7 7. Bd3 0-0 8. 0-0 f5 9. e5 a6 10. Ba3 Re8 11. c4 Ng6 12. Nbd2 Nc6 13. Rc1 Bb4 14. Bb2 Nf4 15. Bb1 b5 16. d5 Ne7 17. a3 Bxd2 18. Qxd2 Neg6 19. g3 Nh5 20. c5 Bb7 21. c6 dxc6 22. dxc6 Qxd2 23. Nxd2 Bc8 24. f4 Rd8 25. Rfd1 Nhxf4 26. gxf4 Nxf4 27. Nf3 Rxd1+ 28. Rxd1 h6 29. Rd8+ Kf7 30. Kf2 g5 31. Bd4 a5 32. Bc5 Kg6 33. Nd4 b4 34. a4 Nd5 35. Nxf5 exf5 36. Rxd5 Be6 37. Rd6 Kf7 38. Bxf5 1-0

[Event "Subotica-ch"]
[White "Szabados, Karoly"]
[Black "Fatyol, Istvan"]
[Site "Subotica"]
[Round "3"]
[Result "1-0"]
[Date "2013.05.17"]
[WhiteElo "2126"]
[BlackElo "1926"]
[PlyCount "151"]
[EventDate "2013.05.13"]
[EventType "swiss"]
[EventRounds "9"]
[EventCountry "SRB"]
[SourceTitle "CBM 154 Extra"]
[Source "ChessBase"]
[SourceDate "2013.06.25"]
[SourceVersion "2"]
[SourceVersionDate "2013.06.25"]
[SourceQuality "1"]

1. Nf3 Nf6 2. b3 d6 3. c4 e5 4. Nc3 Be7 5. d3 0-0 6. g3 Nc6 7. Bg2 Be6 8. 0-0 h6 9. h3 Qd7 10. Kh2 Nh7 11. e3 Ng5 12. Ng1 Nd8 13. f4 Nh7 14. d4 exd4 15. exd4 f5 16. d5 Bf7 17. Qd3 Re8 18. Be3 Bf6 19. Rae1 b6 20. Nf3 Nb7 21. Nd4 g6 22. Ne6 Nc5 23. Bxc5 bxc5 24. g4 fxg4 25. hxg4 Rac8 26. f5 g5 27. Ne4 Be5+ 28. Kh1 Nf6 29. Qh3 Bxe6 30. fxe6 Qg7 31. Nxc5 Re7 32. Nd3 Bd4 33. Rf5 Qg6 34. Be4 Qg7 35. Kg2 Rf8 36. Qf3 Nxe4 37. Rxf8+ Qxf8 38. Qxf8+ Kxf8 39. Rxe4 Bf6 40. Ne1 Re8 41. Nc2 a5 42. Ne3 Kg7 43. Nf5+ Kg6 44. Ng3 Be5 45. c5 Bxg3 46. Kxg3 Kf6 47. cxd6 cxd6 48. Kf3 Rc8 49. Rc4 Rb8 50. Rc7 Ke5 51. Rh7 Kxd5 52. Rxh6 Rf8+ 53. Kg3 Rg8 54. e7 Kc6 55. Kf3 Kd7 56. Rh7 Rg6 57. Ke3 Re6+ 58. Kd3 Re5 59. Rf7 Ke8 60. Rg7 Kd7 61. a3 Ke8 62. b4 axb4 63. axb4 Kd7 64. Rf7 Ke8 65. Rf5 Rxe7 66. Rxg5 Rb7 67. b5 Kf7 68. Ke4 Kf6 69. Rf5+ Ke6 70. g5 Rb6 71. g6 Rb7 72. Rg5 Rg7 73. b6 d5+ 74. Kd4 Kd6 75. b7 Kc7 76. Kxd5 1-0

[Event "Senta op-A 16th"]
[White "Szabados, Karoly"]
[Black "Stankovic, Milos"]
[Site "Senta"]
[Round "7"]
[Result "0-1"]
[Date "2012.07.19"]
[WhiteElo "2091"]
[BlackElo "2369"]
[PlyCount "82"]
[EventDate "2012.07.14"]
[EventType "swiss"]
[EventRounds "9"]
[EventCountry "SRB"]
[SourceTitle "CBM 149 Extra"]
[Source "ChessBase"]
[SourceDate "2012.08.24"]
[SourceVersion "1"]
[SourceVersionDate "2012.08.24"]
[SourceQuality "1"]

1. Nf3 c5 2. b3 Nf6 3. e3 g6 4. Bb2 Bg7 5. Be2 0-0 6. c4 Nc6 7. 0-0 Re8 8. d3 e5 9. Nbd2 d5 10. cxd5 Nxd5 11. Qb1 b6 12. Rd1 Ba6 13. Nc4 Qc7 14. a3 Rad8 15. Qc2 Bb7 16. Rac1 Qb8 17. Qb1 f6 18. Bf1 Nc7 19. Ba1 Ne6 20. b4 cxb4 21. axb4 b5 22. Ncd2 Qd6 23. d4 exd4 24. Bxb5 dxe3 25. Ne4 Qf4 26. fxe3 Qxe3+ 27. Kh1 Rxd1+ 28. Rxd1 Qb6 29. Nd6 Re7 30. Qb3 Kh8 31. Rc1 Ncd4 32. Bxd4 Qxd6 33. Bc5 Nxc5 34. bxc5 Qc7 35. c6 a6 36. Ba4 Bh6 37. Rd1 Bxc6 38. Bxc6 Qxc6 39. Nd4 Qe4 40. h3 Bf4 41. Qa3 Qxd4 0-1

[Event "Senta op-A 16th"]
[White "Szabados, Karoly"]
[Black "Zivkovic, Sava"]
[Site "Senta"]
[Round "1"]
[Result "1-0"]
[Date "2012.07.14"]
[WhiteElo "2091"]
[BlackElo "2340"]
[PlyCount "45"]
[EventDate "2012.07.14"]
[EventType "swiss"]
[EventRounds "9"]
[EventCountry "SRB"]
[SourceTitle "CBM 149 Extra"]
[Source "ChessBase"]
[SourceDate "2012.08.24"]
[SourceVersion "1"]
[SourceVersionDate "2012.08.24"]
[SourceQuality "1"]

1. Nf3 c5 2. b3 d5 3. e3 Nc6 4. Bb2 Bf5 5. Bb5 Qb6 6. Bxc6+ Qxc6 7. 0-0 h5 8. d4 h4 9. Ne5 Qc7 10. Nc3 e6 11. Nb5 Qb6 12. c4 f6 13. dxc5 Bxc5 14. b4 fxe5 15. bxc5 Qxc5 16. Ba3 Qc6 17. Nd6+ Kd7 18. cxd5 Qa6 19. Qb3 Ne7 20. Nxb7 Qb6 21. Qa4+ Kc7 22. Bxe7 Kxb7 23. e4 1-0

[Event "Backa Topola-ch"]
[White "Szabados, Karoly"]
[Black "Solymosi, Andras"]
[Site "Backa Topola"]
[Round "7"]
[Result "1/2-1/2"]
[Date "2011.11.25"]
[WhiteElo "2096"]
[BlackElo "1725"]
[PlyCount "121"]
[EventDate "2011.11.11"]
[EventType "swiss"]
[EventRounds "9"]
[EventCountry "SRB"]
[SourceTitle "CBM 145 Extra"]
[Source "ChessBase"]
[SourceDate "2012.01.03"]
[SourceVersion "1"]
[SourceVersionDate "2012.01.03"]
[SourceQuality "1"]

1. c4 Nf6 2. g3 g6 3. Bg2 Bg7 4. Nc3 0-0 5. Nf3 d6 6. 0-0 e5 7. d3 c6 8. Qc2 Nbd7 9. b3 Qc7 10. Bb2 Nc5 11. b4 Ne6 12. e3 Nh5 13. b5 f5 14. Rac1 Bd7 15. Nd2 f4 16. bxc6 bxc6 17. exf4 exf4 18. Nce4 fxg3 19. hxg3 Nd4 20. Bxd4 Bxd4 21. Nf3 Bg7 22. c5 d5 23. Nd6 Rab8 24. Rb1 Bg4 25. Rxb8 Rxb8 26. Rb1 Rxb1+ 27. Qxb1 Bxf3 28. Bxf3 Be5 29. Qb4 Nf6 30. Bg4 a5 31. Be6+ Kf8 32. Qa3 Ke7 33. Bh3 Ne8 34. Nc8+ Kd8 35. Kg2 Nf6 36. Nb6 Nh5 37. Qxa5 Bxg3 38. Qa8+ Ke7 39. Qg8 Be5 40. Qe6+ Kd8 41. Qg8+ Ke7 42. Qxh7+ Bg7 43. Nc8+ Kf8 44. Nd6 Qe7 45. Nf5 Qg5+ 46. Ng3 Nxg3 47. fxg3 Qd2+ 48. Kh1 Qxd3 49. Qh4 Qd1+ 50. Kh2 Qe2+ 51. Bg2 Qh5 52. Qxh5 gxh5 53. Bf3 Bd4 54. Bxh5 Bxc5 55. Kg2 Ke7 56. Kf3 Bd4 57. Ke2 Kd6 58. Kd3 Be5 59. g4 Bf6 60. Be8 Kc5 61. a4 1/2-1/2

[Event "Backa Topola-ch"]
[White "Desnica, Vladan"]
[Black "Szabados, Karoly"]
[Site "Backa Topola"]
[Round "6"]
[Result "1-0"]
[Date "2011.11.23"]
[WhiteElo "2216"]
[BlackElo "2096"]
[PlyCount "31"]
[EventDate "2011.11.11"]
[EventType "swiss"]
[EventRounds "9"]
[EventCountry "SRB"]
[SourceTitle "CBM 145 Extra"]
[Source "ChessBase"]
[SourceDate "2012.01.03"]
[SourceVersion "1"]
[SourceVersionDate "2012.01.03"]
[SourceQuality "1"]

1. d4 Nf6 2. c4 e6 3. Nc3 Bb4 4. Nf3 c5 5. e3 0-0 6. Bd3 d5 7. 0-0 dxc4 8. Bxc4 cxd4 9. exd4 a6 10. Qe2 b5 11. Bb3 Bb7 12. Rd1 Qc7 13. Bd2 Nbd7 14. Nxb5 axb5 15. Bxb4 Ng4 16. h3 1-0

[Event "Backa Topola-ch"]
[White "Juhasz, Bencze"]
[Black "Szabados, Karoly"]
[Site "Backa Topola"]
[Round "3"]
[Result "0-1"]
[Date "2011.11.16"]
[WhiteElo "1944"]
[BlackElo "2096"]
[PlyCount "66"]
[EventDate "2011.11.11"]
[EventType "swiss"]
[EventRounds "9"]
[EventCountry "SRB"]
[SourceTitle "CBM 145 Extra"]
[Source "ChessBase"]
[SourceDate "2012.01.03"]
[SourceVersion "1"]
[SourceVersionDate "2012.01.03"]
[SourceQuality "1"]

1. e4 e6 2. d4 d5 3. Nd2 dxe4 4. Nxe4 Nd7 5. Nf3 Ngf6 6. Bg5 Be7 7. Nxf6+ Nxf6 8. Bc4 0-0 9. Qe2 c5 10. 0-0-0 Qc7 11. Ne5 a6 12. dxc5 Qxc5 13. f4 b5 14. Bd3 Ra7 15. Rhf1 Rc7 16. g4 Bb7 17. Kb1 Bd5 18. f5 Re8 19. Bf4 exf5 20. Be3 Bxa2+ 21. Kxa2 Qxe5 22. Rxf5 Qe6+ 23. Kb1 Bf8 24. g5 Qxe3 25. Qxe3 Rxe3 26. gxf6 g6 27. Rf4 h5 28. Bf1 Kh7 29. Rd8 Bc5 30. c4 b4 31. h4 b3 32. Kc1 Re1+ 33. Kd2 Bb4+ 0-1

[Event "Backa Topola-ch"]
[White "Szabados, Karoly"]
[Black "Janjusevic, Branislav"]
[Site "Backa Topola"]
[Round "2"]
[Result "1-0"]
[Date "2011.11.14"]
[WhiteElo "2096"]
[BlackElo "1941"]
[PlyCount "79"]
[EventDate "2011.11.11"]
[EventType "swiss"]
[EventRounds "9"]
[EventCountry "SRB"]
[SourceTitle "CBM 145 Extra"]
[Source "ChessBase"]
[SourceDate "2012.01.03"]
[SourceVersion "1"]
[SourceVersionDate "2012.01.03"]
[SourceQuality "1"]

1. e4 d5 2. exd5 Nf6 3. d4 Nxd5 4. c4 Nf6 5. Nc3 Bg4 6. f3 Bf5 7. Be3 e6 8. Qb3 b6 9. g4 Bg6 10. Bg2 Nbd7 11. Nge2 c6 12. 0-0-0 Qc7 13. g5 Nh5 14. f4 Bd6 15. Rhf1 0-0 16. Ne4 Be7 17. N2g3 a5 18. Rd2 f5 19. Nxh5 Bxh5 20. Ng3 Bf7 21. Kb1 Rab8 22. d5 cxd5 23. cxd5 Nc5 24. Qd1 Rfd8 25. Ka1 Rbc8 26. h4 Kh8 27. h5 Bxg5 28. d6 Qd7 29. fxg5 a4 30. h6 Qa7 31. hxg7+ Kg8 32. Bxc5 Rxc5 33. Nh5 Qa6 34. Nf6+ Kxg7 35. Rh1 Bg6 36. d7 a3 37. Qb3 axb2+ 38. Qxb2 e5 39. Rd5 Rxd5 40. Bxd5 1-0

[Event "Senta op-B 15th"]
[White "Toth, Kazmer"]
[Black "Szabados, Karoly"]
[Site "Senta"]
[Round "6"]
[Result "1/2-1/2"]
[Date "2011.07.20"]
[WhiteElo "1921"]
[BlackElo "2116"]
[PlyCount "100"]
[EventDate "2011.07.16"]
[EventType "swiss"]
[EventRounds "9"]
[EventCountry "SRB"]
[SourceTitle "EXT 2019"]
[Source "ChessBase"]
[SourceDate "2018.10.10"]
[SourceVersion "1"]
[SourceVersionDate "2018.10.10"]
[SourceQuality "1"]

1. c4 e5 2. Nc3 Nf6 3. g3 Bb4 4. Qc2 Nc6 5. e3 d5 6. cxd5 Nxd5 7. Bg2 Be6 8. Nge2 0-0 9. 0-0 Re8 10. a3 Bf8 11. b4 a6 12. Bb2 Qd7 13. Rad1 Rac8 14. d4 exd4 15. Nxd4 Nxd4 16. Rxd4 c5 17. bxc5 Bxc5 18. Rh4 Bf5 19. Qd2 Nxc3 20. Qxc3 Bf8 21. Qd4 Qxd4 22. Bxd4 b5 23. Ra1 a5 24. Rf4 Be6 25. Bf1 g5 26. Re4 f5 27. Re5 b4 28. Rxa5 bxa3 29. Bd3 Bb4 30. Rb5 Rb8 31. Rb1 Bd6 32. Rxb8 Rxb8 33. Rxb8+ Bxb8 34. Kf1 Bd6 35. Ke1 Kf7 36. Kd1 Bb3+ 37. Kc1 Ke6 38. f4 gxf4 39. gxf4 Bd5 40. Bc2 Bb4 41. Bd1 Bc4 42. Bc2 h5 43. e4 fxe4 44. Bxe4 Bd6 45. f5+ Kf7 46. h3 h4 47. Bf3 Bf4+ 48. Kc2 Bg5 49. Bh5+ Kf8 50. Bf3 Kg8 1/2-1/2

[Event "Backa Topola-ch"]
[White "Cabarkapa, Novak"]
[Black "Szabados, Karoly"]
[Site "Backa Topola"]
[Round "7"]
[Result "1-0"]
[Date "2010.12.01"]
[WhiteElo "2149"]
[BlackElo "2096"]
[PlyCount "75"]
[EventDate "2010.11.17"]
[EventType "swiss"]
[EventRounds "9"]
[EventCountry "SRB"]
[SourceTitle "EXT 2019"]
[Source "ChessBase"]
[SourceDate "2018.10.10"]
[SourceVersion "1"]
[SourceVersionDate "2018.10.10"]
[SourceQuality "1"]

1. e4 e6 2. d3 d5 3. Nd2 c5 4. Ngf3 Nc6 5. g3 Be7 6. Bg2 h5 7. h4 Nh6 8. 0-0 Ng4 9. Re1 d4 10. e5 Qc7 11. Qe2 b6 12. a4 Bb7 13. Nc4 0-0-0 14. Bg5 Kb8 15. Bxe7 Qxe7 16. Ng5 f6 17. exf6 Qxf6 18. f3 Ne3 19. Nxe3 dxe3 20. Qxe3 Nd4 21. Rac1 Rhe8 22. Qe5+ Kc8 23. f4 Bxg2 24. Kxg2 Rd5 25. Qxd5 exd5 26. Rxe8+ Kd7 27. Re5 Qc6 28. Nf7 Qxa4 29. Rxh5 Ne2 30. Ne5+ Kc7 31. Rf1 Qxc2 32. Kh3 c4 33. dxc4 d4 34. Rg5 g6 35. h5 d3 36. hxg6 Nd4 37. g7 Qe2 38. Ra1 1-0

[Event "Senta op-A 14th"]
[White "Manojlovic, Sava"]
[Black "Szabados, Karoly"]
[Site "Senta"]
[Round "7"]
[Result "1-0"]
[Date "2010.07.22"]
[WhiteElo "2124"]
[BlackElo "2100"]
[PlyCount "55"]
[EventDate "2010.07.17"]
[EventType "swiss"]
[EventRounds "9"]
[EventCountry "YUG"]
[SourceTitle "CBM 137 Extra"]
[Source "ChessBase"]
[SourceDate "2010.09.01"]
[SourceVersion "1"]
[SourceVersionDate "2010.09.01"]
[SourceQuality "1"]

1. d4 f5 2. c4 Nf6 3. Nc3 g6 4. g3 Bg7 5. Bg2 0-0 6. Nh3 d6 7. d5 a5 8. Nf4 Na6 9. h4 Nc5 10. Be3 Nfe4 11. Nxe4 Nxe4 12. Bd4 Nf6 13. Rc1 Qe8 14. 0-0 h6 15. c5 g5 16. hxg5 hxg5 17. Nh3 Qh5 18. e3 Ng4 19. Bxg7 Kxg7 20. cxd6 cxd6 21. Rc7 Kf7 22. Qd4 Nf6 23. f4 Ne4 24. fxg5 Nxg3 25. g6+ Qxg6 26. Qh4 Nxf1 27. Rxe7+ Kg8 28. Nf4 1-0

[Event "Senta op-A 14th"]
[White "Elez, Sinisa"]
[Black "Szabados, Karoly"]
[Site "Senta"]
[Round "5"]
[Result "1-0"]
[Date "2010.07.20"]
[WhiteElo "2136"]
[BlackElo "2100"]
[PlyCount "89"]
[EventDate "2010.07.17"]
[EventType "swiss"]
[EventRounds "9"]
[EventCountry "YUG"]
[SourceTitle "CBM 137 Extra"]
[Source "ChessBase"]
[SourceDate "2010.09.01"]
[SourceVersion "1"]
[SourceVersionDate "2010.09.01"]
[SourceQuality "1"]

1. e4 e6 2. d4 d5 3. Nc3 Bb4 4. e5 c5 5. a3 Bxc3+ 6. bxc3 Ne7 7. Nf3 Qa5 8. Bd2 Nbc6 9. c4 Qc7 10. cxd5 exd5 11. c3 Bg4 12. Bb5 0-0 13. Bxc6 Nxc6 14. Be3 cxd4 15. cxd4 Qa5+ 16. Qd2 Qa6 17. Qe2 Qxe2+ 18. Kxe2 Na5 19. h3 Bf5 20. Nd2 Rfc8 21. g4 Bc2 22. f4 Rc3 23. Rhe1 Bd3+ 24. Kf3 Rac8 25. f5 Rc2 26. Kf4 b6 27. h4 Nc6 28. Nf3 h6 29. Rac1 Na5 30. Rxc2 Rxc2 31. e6 fxe6 32. fxe6 Kf8 33. Bd2 Nc4 34. Bb4+ Ke8 35. Ne5 Nxe5 36. Kxe5 Bc4 37. Re3 Rf2 38. Kd6 a5 39. Be1 Rf4 40. g5 Rxd4 41. gxh6 gxh6 42. Rg3 Kf8 43. e7+ Kf7 44. Rg7+ Kxg7 45. e8Q 1-0

[Event "Senta op-A 14th"]
[White "Strebkovs, Andrejs"]
[Black "Szabados, Karoly"]
[Site "Senta"]
[Round "3"]
[Result "1-0"]
[Date "2010.07.18"]
[WhiteElo "2325"]
[BlackElo "2100"]
[PlyCount "49"]
[EventDate "2010.07.17"]
[EventType "swiss"]
[EventRounds "9"]
[EventCountry "YUG"]
[SourceTitle "CBM 137 Extra"]
[Source "ChessBase"]
[SourceDate "2010.09.01"]
[SourceVersion "1"]
[SourceVersionDate "2010.09.01"]
[SourceQuality "1"]

1. d4 f5 2. g3 Nf6 3. Bg2 g6 4. c3 Bg7 5. Nh3 d5 6. Nf4 c6 7. Nd2 Ne4 8. Nf3 Qd6 9. Nd3 Nd7 10. Bf4 Qf6 11. h4 h6 12. Qc1 b6 13. a4 Bb7 14. a5 c5 15. Nde5 Qe6 16. Nxd7 Qxd7 17. Ne5 Qe6 18. f3 cxd4 19. a6 Bxa6 20. Rxa6 Nxg3 21. Bxg3 Bxe5 22. Bxe5 Qxe5 23. f4 Qf6 24. cxd4 Qd6 25. 0-0 1-0

[Event "Senta op-A 14th"]
[White "Stanojevic, Branko"]
[Black "Szabados, Karoly"]
[Site "Senta"]
[Round "1"]
[Result "0-1"]
[Date "2010.07.17"]
[WhiteElo "2292"]
[BlackElo "2100"]
[PlyCount "48"]
[EventDate "2010.07.17"]
[EventType "swiss"]
[EventRounds "9"]
[EventCountry "YUG"]
[SourceTitle "CBM 137 Extra"]
[Source "ChessBase"]
[SourceDate "2010.09.01"]
[SourceVersion "1"]
[SourceVersionDate "2010.09.01"]
[SourceQuality "1"]

1. d4 f5 2. e4 fxe4 3. Nc3 Nf6 4. Bg5 Nc6 5. d5 Ne5 6. Qd4 Nf7 7. Bf4 c5 8. Qa4 g5 9. Bg3 Bg7 10. Nb5 Nxd5 11. Bc4 Nf4 12. Bxf7+ Kxf7 13. Nh3 Nxh3 14. Nc7 Nf4 15. Bxf4 gxf4 16. Nxa8 d5 17. Qxa7 Bxb2 18. Rb1 Bc3+ 19. Kf1 f3 20. h3 fxg2+ 21. Kxg2 Qd6 22. Qa3 Rg8+ 23. Kf1 Qf6 24. Rb3 Qf3 0-1

[Event "Senta op-A 13th"]
[White "Szabados, Karoly"]
[Black "Mirkovic, Stevan"]
[Site "Senta"]
[Round "6"]
[Result "0-1"]
[Date "2009.07.22"]
[WhiteElo "2077"]
[BlackElo "2242"]
[PlyCount "40"]
[EventDate "2009.07.18"]
[EventType "swiss"]
[EventRounds "9"]
[EventCountry "YUG"]
[SourceTitle "CBM 131 Extra"]
[Source "ChessBase"]
[SourceDate "2009.09.03"]
[SourceVersion "2"]
[SourceVersionDate "2009.09.16"]
[SourceQuality "1"]

1. a3 g6 2. f4 Bg7 3. Nf3 d6 4. e4 c5 5. Bc4 Nc6 6. 0-0 Nf6 7. Nc3 Bg4 8. d3 0-0 9. Be3 Nd4 10. Bxd4 cxd4 11. Ne2 d5 12. e5 dxc4 13. exf6 Bxf6 14. dxc4 Qb6 15. Kh1 Qxb2 16. Rb1 Qxa3 17. Rxb7 Qa6 18. Rb5 Qc6 19. Nexd4 Qxc4 20. Rb7 Bxd4 0-1

[Event "Subotica-ch"]
[White "Scepanovic, Labud"]
[Black "Szabados, Karoly"]
[Site "Subotica"]
[Round "8"]
[Result "1/2-1/2"]
[Date "2009.03.04"]
[WhiteElo "2264"]
[BlackElo "2052"]
[PlyCount "102"]
[EventDate "2009.02.16"]
[EventType "swiss"]
[EventRounds "9"]
[EventCountry "SRB"]
[SourceTitle "EXT 2019"]
[Source "ChessBase"]
[SourceDate "2018.10.10"]
[SourceVersion "1"]
[SourceVersionDate "2018.10.10"]
[SourceQuality "1"]

1. d4 f5 2. e4 fxe4 3. Nc3 Nf6 4. Bg5 Nc6 5. f3 d5 6. fxe4 dxe4 7. d5 Ne5 8. Qd4 Nf7 9. h4 Qd6 10. 0-0-0 Bd7 11. Nb5 Bxb5 12. Bxb5+ Kd8 13. Nh3 Qb6 14. Qa4 Nd6 15. Be2 a5 16. a3 h6 17. Nf4 hxg5 18. Ne6+ Kc8 19. hxg5 Qe3+ 20. Kb1 Rxh1 21. Rxh1 Qxe2 22. gxf6 b5 23. Qd4 exf6 24. Nxf8 Qc4 25. Qd2 b4 26. Ne6 Kb7 27. Nxg7 bxa3 28. Rh3 Qf1+ 29. Ka2 Nc4 30. Rb3+ Ka6 31. Ne6 Rb8 32. Nxc7+ Ka7 33. Qd4+ Rb6 34. Nb5+ Ka6 35. Qc5 a4 36. Qc8+ Ka5 37. Qa8+ Ra6 38. Qd8+ Rb6 39. Qa8+ Ra6 40. Qd8+ Rb6 41. Nd4 axb3+ 42. Nxb3+ Ka6 43. Qa8+ Kb5 44. Qe8+ Ka6 45. Nc5+ Ka7 46. Qa4+ Kb8 47. Qe8+ Ka7 48. Qa4+ Kb8 49. Qe8+ Ka7 50. Qe7+ Ka8 51. Qe8+ Ka7 1/2-1/2

[Event "Subotica-ch"]
[White "Avram, Veso"]
[Black "Szabados, Karoly"]
[Site "Subotica"]
[Round "6"]
[Result "1-0"]
[Date "2009.02.27"]
[WhiteElo "2158"]
[BlackElo "2052"]
[PlyCount "95"]
[EventDate "2009.02.16"]
[EventType "swiss"]
[EventRounds "9"]
[EventCountry "SRB"]
[SourceTitle "EXT 2019"]
[Source "ChessBase"]
[SourceDate "2018.10.10"]
[SourceVersion "1"]
[SourceVersionDate "2018.10.10"]
[SourceQuality "1"]

1. d4 f5 2. g3 Nf6 3. Bg2 g6 4. b3 Bg7 5. Bb2 0-0 6. Nd2 d6 7. Nh3 Nc6 8. Nc4 Qe8 9. d5 Nd8 10. 0-0 h6 11. f4 c6 12. dxc6 Nxc6 13. Nf2 Bd7 14. a4 Rc8 15. Re1 Kh7 16. e4 fxe4 17. Nxe4 Nxe4 18. Bxg7 Kxg7 19. Bxe4 Qf7 20. Ne3 Rcd8 21. Qd2 Bf5 22. Nxf5+ gxf5 23. Bxc6 bxc6 24. Qd4+ e5 25. fxe5 dxe5 26. Qxe5+ Kg6 27. Rad1 Rfe8 28. Rxd8 Rxe5 29. Rxe5 Kg5 30. Rde8 Qd7 31. Kg2 Qd2+ 32. Re2 Qd5+ 33. Kh3 Qd1 34. Kg2 Qd5+ 35. Kf2 Qd4+ 36. R8e3 a5 37. h4+ Kg4 38. Kg2 Qd5+ 39. Kh2 Qd4 40. Rd3 Qc5 41. Red2 Qe5 42. Rf2 Kh5 43. Rdf3 Kg6 44. Rf4 h5 45. Rxf5 Qxf5 46. Rxf5 Kxf5 47. Kg1 Ke4 48. Kg2 1-0

[Event "Subotica-ch"]
[White "Pavlik, Goran"]
[Black "Szabados, Karoly"]
[Site "Subotica"]
[Round "2"]
[Result "1/2-1/2"]
[Date "2009.02.18"]
[WhiteElo "2190"]
[BlackElo "2052"]
[PlyCount "69"]
[EventDate "2009.02.16"]
[EventType "swiss"]
[EventRounds "9"]
[EventCountry "SRB"]
[SourceTitle "EXT 2019"]
[Source "ChessBase"]
[SourceDate "2018.10.10"]
[SourceVersion "1"]
[SourceVersionDate "2018.10.10"]
[SourceQuality "1"]

1. e4 e6 2. d3 d5 3. Qe2 Nf6 4. Nf3 c5 5. g3 Nc6 6. Bg2 Be7 7. 0-0 0-0 8. c3 b6 9. Rd1 Ba6 10. Qc2 Qc7 11. exd5 Nxd5 12. Qa4 Bb7 13. c4 Nf6 14. Bf4 Qd7 15. Ne5 Nxe5 16. Qxd7 Nfxd7 17. Bxb7 Rab8 18. Bg2 g5 19. Bc1 Rbd8 20. f4 Ng6 21. Nc3 gxf4 22. gxf4 Bf6 23. Ne2 Bg7 24. Rb1 Nh4 25. Bh1 Nf5 26. Be4 Nd4 27. Nxd4 Bxd4+ 28. Kf1 f5 29. Bf3 Rf6 30. Re1 e5 31. fxe5 Nxe5 32. Bd5+ Rxd5 33. cxd5 Rg6 34. Ke2 Kf7 35. Be3 1/2-1/2

[Event "Senta op-A 12th"]
[White "Galunov, Todor"]
[Black "Szabados, Karoly"]
[Site "Senta"]
[Round "1"]
[Result "1-0"]
[Date "2008.07.18"]
[WhiteElo "2278"]
[BlackElo "2076"]
[PlyCount "61"]
[EventDate "2008.07.18"]
[EventType "swiss"]
[EventRounds "9"]
[EventCountry "YUG"]
[SourceTitle "CBM 125 Extra"]
[Source "ChessBase"]
[SourceDate "2008.09.01"]
[SourceVersion "1"]
[SourceVersionDate "2008.09.01"]
[SourceQuality "1"]

1. Nf3 f5 2. g3 Nf6 3. Bg2 g6 4. 0-0 Bg7 5. c4 0-0 6. Nc3 d6 7. d3 e5 8. Rb1 a5 9. a3 c6 10. b4 Kh8 11. b5 Qe8 12. bxc6 bxc6 13. Na4 e4 14. Nd4 Ng4 15. dxe4 fxe4 16. Nb6 Ra7 17. Nxc8 Qxc8 18. Bxe4 d5 19. cxd5 cxd5 20. Bxd5 Rd7 21. Be6 Bxd4 22. Bxd7 Qxd7 23. e3 Nc6 24. exd4 Qf5 25. Be3 Qh5 26. h4 Ne7 27. Qd3 h6 28. d5 Nf5 29. Bd4+ Kg8 30. Rb7 g5 31. Qe4 1-0